<?xml version="1.0" encoding="UTF-8"?>
<marc:record xmlns:marc="http://www.loc.gov/MARC21/slim">
   <marc:leader>00000nam a2200000 a 4500</marc:leader>
   <marc:datafield ind1="1" ind2=" " tag="100">
      <marc:subfield code="a">Levine, Sam</marc:subfield>
   </marc:datafield>
   <marc:datafield ind1="1" ind2=" " tag="100">
      <marc:subfield code="a">Stern, Jared</marc:subfield>
   </marc:datafield>
   <marc:datafield ind1="0" ind2="0" tag="245">
      <marc:subfield code="a">DC League of Super-Pets [Bildtonträger]</marc:subfield>
   </marc:datafield>
   <marc:datafield ind1="0" ind2="0" tag="245">
      <marc:subfield code="c">Regie : Jared Stern , Sam Levine</marc:subfield>
   </marc:datafield>
   <marc:datafield ind1=" " ind2="1" tag="264">
      <marc:subfield code="b">Warner Home Video</marc:subfield>
      <marc:subfield code="c">2022</marc:subfield>
   </marc:datafield>
   <marc:datafield ind1="1" ind2=" " tag="520">
      <marc:subfield code="a">Krypto, der Superhund, (Johnson) und Superman (Krasinski) sind die besten Freunde, denn sie haben dieselben Superkräfte und bekämpfen gemeinsam das Verbrechen in Metropolis. Als Superman und der Rest der Justice League entführt werden, muss Krypto einer Gruppe herrenloser Haustiere - dem Hund Ace (Hart), dem Hängebauchschwein PB (Bayer), der Schildkröte Merton (Lyonne) und dem Eichhörnchen Chip (Luna) - helfen, ihre neuen Superkräfte zu meistern und den Superhelden zur Hilfe zu eilen!</marc:subfield>
   </marc:datafield>
   <marc:datafield ind1=" " ind2=" " tag="020">
      <marc:subfield code="a">5051890330215</marc:subfield>
      <marc:subfield code="9">5051890330215</marc:subfield>
   </marc:datafield>
   <marc:datafield ind1=" " ind2=" " tag="500">
      <marc:subfield code="a">Orig.: USA 2022. Sprache: Deutsch (Dolby Digital 5.1), Englisch (Dolby Digital 5.1), Italienisch (Dolby Digital 5.1), Dänisch (Dolby Digital 5.1), Finnisch (Dolby Digital 5.1), Norwegisch (Dolby Digital 5.1), Schwedisch (Dolby Digital 5.1). Untertitel: De</marc:subfield>
   </marc:datafield>
   <marc:datafield ind1="0" ind2=" " tag="490">
      <marc:subfield code="v">0</marc:subfield>
   </marc:datafield>
   <marc:datafield ind1=" " ind2=" " tag="300">
      <marc:subfield code="a">1 DVD [ ca. 101 Min.]</marc:subfield>
   </marc:datafield>
</marc:record>
